000 009880000a22003490004500
001 20908
003 CO-MdFUSB
005 20220903111848.0
008 160404b xxu||||| |||| 00| 0 eng d
020 _a978-0-674-99319-8
040 _cCO-MdFUSB
_aCO-MdFUSB
_dCO-MdFUSB
_erda
_bEspañol
041 _aeng
082 _a888
_bP737
100 0 _aFilón,
_eAutor
245 1 0 _aPhilo
_c/ Philo ; Translated by F. H. Colson
_nVI
264 1 _aEngland
_b : Harvard University Press,
_c[1935]
264 4 _c© 1935
300 _aXX ; 611 pág.
_c;
336 _2rdacontent
_atexto
_btxt
337 _2rdamedia
_asin mediación
_bn
338 _2rdacarrier
_avolumen
_bnc
347 _2rda
490 _aLoeb Classical Library
501 _aHardcover
505 _aEn Abraham - Sobre José - Moisés I y II
653 _aFilón de Alejandría
653 _aJudaísmo Helénico
942 _cREF
945 _aEstudiante
999 _c47253
_d47253